Classement des Pays par PIB/Hab - Statistiques

Statistiques générales
  • Ce quiz a été pris 684 fois
    66 depuis la dernière actualisation
  • Le résultat moyen est 24 sur 30
Statistiques - réponses
PIB/hab Pays % Correct
51 700 $ France
98%
154 100 $ Luxembourg
97%
118 100 $ Suisse
95%
58 200 $ Canada
93%
92 800 $ Etats-Unis
93%
63 800 $ Belgique
92%
60 000 $ Royaume-Uni
92%
63 600 $ Allemagne
90%
69 300 $ Australie
87%
96 500 $ Norvège
85%
76 500 $ Qatar
85%
66 100 $ Suede
85%
41 600 $ Corée du Sud
84%
135 200 $ Irlande
84%
77 800 $ Pays-Bas
84%
82 700 $ Danemark
82%
45 900 $ Italie
82%
99 000 $ Singapour
80%
65 600 $ Autriche
79%
59 700 $ Finlande
79%
53 800 $ Emirats Arabes Unis
77%
51 600 $ Andorre
74%
108 500 $ Islande
70%
52 200 $ Nouvelle-Zélande
70%
246 700 $ Liechtenstein
69%
53 100 $ Malte
66%
256 600 $ Koweït
61%
45 600 $ Chypre
57%
64 200 $ Israel
56%
69 400 $ Saint Marin
56%
Aucun quiz correspondant
Distribution des résultats
% des personnes avec chaque résultat
Percentile par nombre de réponses
Votre historique - résultats
Vous n’avez pas pris ce quiz depuis la dernière actualisation